Edouard Goerg /

Disimpan dalam:
Butiran Bibliografi
Pengarang Utama: Goerg, Édouard Joseph, 1893-1969.
Pengarang-pengarang Lain: Waldemar George, 1893-, Waldemar George, 1893-1970.
Format: Buku
Bahasa:French
Diterbitkan: Paris : G. Crès, 1929.
Siri:Collection "Les artistes nouveaux."
Subjek-subjek:
Penanda-penanda: Tambah Penanda
Tiada Penanda, Jadilah orang pertama menanda rekod ini!
LEADER 00699nam a2200229Ii 4500
001 005492693-9
005 20041216131455.0
008 781205s1929 fr af 000 0dfre d
035 0 |a ocm04421901 
040 |a IUL  |c IUL  |d HFL 
050 4 |a ND553.G62  |b W3 
100 1 |a Goerg, Édouard Joseph,  |d 1893-1969. 
245 1 0 |a Edouard Goerg /  |c Waldemar George. 
260 |a Paris :  |b G. Crès,  |c 1929. 
300 |a 12 p., [13] leaves of plates :  |b ill. ;  |c 20 cm. 
490 1 |a Les artistes nouveaux 
600 1 0 |a Goerg, Edouard Joseph,  |d 1893-1969. 
700 0 |a Waldemar George,  |d 1893- 
700 0 |a Waldemar George,  |d 1893-1970. 
830 0 |a Collection "Les artistes nouveaux." 
988 |a 20020608 
906 |0 OCLC